[Event "Deutsche Ländermeisterschaft 2024"]
[Site "Tübingen GER"]
[Date "2024.10.04"]
[Round "4"]
[White "Besou, Hussain"]
[Black "Haack, Kevin"]
[Result "1-0"]
[Termination "normal"]
[Board "1.1"]
[WhiteTitle "FM"]
[BlackTitle "FM"]
[WhiteElo "2350"]
[BlackElo "2305"]
[WhiteClock "00:23:05"]
[BlackClock "00:33:58"]
[WhiteTeam "Nordrhein-Westfalen"]
[BlackTeam "Hessen"]
[PlyCount "58"]
[WhiteFideId "16269950"]
[BlackFideId "16228715"]
[EventCountry "GER"]
[EventRounds "7"]
[EventType "team-swiss"]
[EventDate "2024.10.02"]

1. e4 {[%clk 01:30:52]} {[%emt 00:00:07]} e6 {[%clk 01:30:55]} {[%emt
00:00:05]} 2. d4 {[%clk 01:31:16]} {[%emt 00:00:06]} d5 {[%clk 01:31:22]}
{[%emt 00:00:03]} 3. Nc3 {[%clk 01:31:42]} {[%emt 00:00:04]} Nf6 {[%clk
01:31:49]} {[%emt 00:00:04]} 4. Bg5 {[%clk 01:32:05]} {[%emt 00:00:07]} dxe4
{[%clk 01:32:14]} {[%emt 00:00:05]} 5. Nxe4 {[%clk 01:32:30]} {[%emt 00:00:04]}
Be7 {[%clk 01:32:40]} {[%emt 00:00:04]} 6. Bxf6 {[%clk 01:32:54]} {[%emt
00:00:06]} gxf6 {[%clk 01:33:07]} {[%emt 00:00:03]} 7. Nf3 {[%clk 01:33:14]}
{[%emt 00:00:10]} f5 {[%clk 01:33:35]} {[%emt 00:00:03]} 8. Nc3 {[%clk
01:33:27]} {[%emt 00:00:16]} a6 {[%clk 01:34:02]} {[%emt 00:00:04]} 9. g3
{[%clk 01:33:18]} {[%emt 00:00:39]} b5 {[%clk 01:33:56]} {[%emt 00:00:36]} 10.
Bg2 {[%clk 01:32:50]} {[%emt 00:00:57]} Bb7 {[%clk 01:34:09]} {[%emt 00:00:17]}
11. O-O {[%emt 00:00:22]} O-O {[%clk 01:34:21]} {[%emt 00:00:17]} 12. Ne5
{[%clk 01:28:41]} {[%emt 00:04:49]} Bxg2 {[%clk 01:34:13]} {[%emt 00:00:37]}
13. Kxg2 {[%clk 01:28:35]} {[%emt 00:00:37]} Ra7 {[%clk 01:34:41]} {[%emt
00:00:01]} 14. a4 {[%clk 01:25:37]} {[%emt 00:03:29]} b4 {[%clk 01:27:42]}
{[%emt 00:07:30]} 15. Ne2 {[%clk 01:25:52]} {[%emt 00:00:14]} Qd5+ {[%clk
01:20:21]} {[%emt 00:07:52]} 16. Nf3 {[%clk 01:24:03]} {[%emt 00:02:18]} c5
{[%clk 01:15:48]} {[%emt 00:05:04]} 17. Nf4 {[%clk 01:20:49]} {[%emt 00:03:44]}
Qd6 {[%clk 01:15:37]} {[%emt 00:00:41]} 18. dxc5 {[%clk 01:19:59]} {[%emt
00:01:20]} Qxc5 {[%clk 01:14:36]} {[%emt 00:01:30]} 19. Qe2 {[%clk 01:13:33]}
{[%emt 00:06:56]} Rc8 {[%clk 01:06:49]} {[%emt 00:08:16]} 20. Rfc1 {[%clk
01:12:04]} {[%emt 00:01:59]} Bf6 {[%clk 00:54:18]} {[%emt 00:13:03]} 21. Nd3
{[%clk 01:10:01]} {[%emt 00:02:33]} Qc4 {[%clk 00:48:58]} {[%emt 00:05:50]} 22.
Qe3 {[%clk 00:50:05]} {[%emt 00:20:24]} Rac7 {[%clk 00:48:35]} {[%emt
00:00:54]} 23. Rab1 {[%clk 00:44:15]} {[%emt 00:06:21]} Nd7 {[%clk 00:45:51]}
{[%emt 00:03:13]} 24. b3 {[%clk 00:29:48]} {[%emt 00:14:57]} Qe4 {[%clk
00:44:35]} {[%emt 00:01:46]} 25. Re1 {[%clk 00:29:23]} {[%emt 00:00:56]} Qxe3
{[%clk 00:40:50]} {[%emt 00:04:15]} 26. Rxe3 {[%clk 00:29:38]} {[%emt
00:00:15]} a5 {[%clk 00:41:10]} {[%emt 00:00:10]} 27. Nde1 {[%clk 00:28:41]}
{[%emt 00:01:27]} Nb6 {[%clk 00:36:52]} {[%emt 00:04:47]} 28. Rd1 {[%clk
00:24:48]} {[%emt 00:04:23]} Nd5 {[%clk 00:35:21]} {[%emt 00:02:01]} 29. Red3
{[%clk 00:23:05]} {[%emt 00:02:13]} Nc3 {[%clk 00:33:58]} {[%emt 00:01:52]} 30.
R1d2 {[%clk 00:18:48]} {[%emt 00:04:48]} Nb1 {[%clk 00:24:04]} {[%emt
00:10:23]} 31. Re2 {[%clk 00:18:12]} {[%emt 00:01:05]} Na3 {[%clk 00:21:41]}
{[%emt 00:02:54]} 32. Rdd2 {[%clk 00:16:30]} {[%emt 00:02:11]} Rc5 {[%clk
00:15:44]} {[%emt 00:06:27]} 33. h4 {[%clk 00:07:18]} {[%emt 00:09:42]} Kf8
{[%clk 00:14:42]} {[%emt 00:01:33]} 34. Ng5 {[%clk 00:06:13]} {[%emt 00:01:35]}
Ke7 {[%clk 00:09:45]} {[%emt 00:05:27]} 35. Kg1 {[%clk 00:00:38]} {[%emt
00:06:05]} Bc3 {[%clk 00:07:30]} {[%emt 00:02:45]} 36. Rd3 {[%clk 00:01:04]}
{[%emt 00:00:05]} Bxe1 {[%clk 00:05:08]} {[%emt 00:02:52]} 37. Rxe1 {[%clk
00:00:41]} {[%emt 00:00:53]} Rxc2 {[%clk 00:05:32]} {[%emt 00:00:06]} 38. Kg2
{[%clk 00:00:54]} {[%emt 00:00:18]} R2c3 {[%clk 00:05:17]} {[%emt 00:00:44]}
39. Rd5 {[%clk 00:00:58]} {[%emt 00:00:26]} R8c5 {[%clk 00:02:54]} {[%emt
00:02:53]} 40. Rxc5 {[%clk 00:01:11]} {[%emt 00:00:17]} Rxc5 {[%clk 00:03:23]}
{[%emt 00:00:01]} 41. Nxh7 {[%clk 00:25:50]} {[%emt 00:05:51]} f6 {[%clk
00:29:29]} {[%emt 00:04:24]} 42. Rd1 {[%clk 00:25:15]} {[%emt 00:01:05]} Rc8
{[%clk 00:24:28]} {[%emt 00:05:32]} 43. h5 {[%clk 00:23:35]} {[%emt 00:02:09]}
Nc2 {[%clk 00:20:04]} {[%emt 00:04:53]} 44. Kf1 {[%clk 00:10:02]} {[%emt
00:14:04]} Rh8 {[%clk 00:16:14]} {[%emt 00:04:20]} 45. Rc1 {[%clk 00:10:01]}
{[%emt 00:00:30]} Nd4 {[%clk 00:16:39]} {[%emt 00:00:05]} 46. Rc7+ {[%clk
00:09:27]} {[%emt 00:01:04]} Kd6 {[%clk 00:16:59]} {[%emt 00:00:10]} 47. Rb7
{[%clk 00:07:19]} {[%emt 00:02:38]} Nxb3 {[%clk 00:16:18]} {[%emt 00:01:11]}
48. Nxf6 {[%clk 00:07:31]} {[%emt 00:00:18]} Nc5 {[%clk 00:13:44]} {[%emt
00:03:03]} 49. Rb5 {[%clk 00:07:00]} {[%emt 00:01:01]} Rf8 {[%clk 00:11:22]}
{[%emt 00:02:52]} 50. Nh7 {[%clk 00:07:05]} {[%emt 00:00:26]} Ra8 {[%clk
00:10:19]} {[%emt 00:01:33]} 51. h6 {[%clk 00:06:39]} {[%emt 00:00:56]} Nxa4
{[%clk 00:10:20]} {[%emt 00:00:29]} 52. Ng5 {[%clk 00:06:07]} {[%emt 00:01:02]}
Nc3 {[%clk 00:08:26]} {[%emt 00:02:25]} 53. Nf7+ {[%clk 00:05:48]} {[%emt
00:00:48]} Ke7 {[%clk 00:06:34]} {[%emt 00:02:22]} 54. Rb7+ {[%clk 00:06:04]}
{[%emt 00:00:13]} Kf6 {[%clk 00:06:54]} {[%emt 00:00:11]} 55. h7 {[%clk
00:06:18]} {[%emt 00:00:17]} a4 {[%clk 00:07:08]} {[%emt 00:00:15]} 56. f4
{[%clk 00:05:09]} {[%emt 00:01:39]} Kg7 {[%clk 00:02:53]} {[%emt 00:04:46]} 57.
h8=Q+ {[%clk 00:04:07]} {[%emt 00:01:32]} Rxh8 {[%clk 00:03:21]} {[%emt
00:00:02]} 58. Nxh8+ {[%clk 00:04:28]} {[%emt 00:00:08]} Kxh8 {[%clk 00:03:45]}
{[%emt 00:00:06]} 59. Rxb4 {[%clk 00:04:52]} {[%emt 00:00:07]} a3 {[%clk
00:02:34]} {[%emt 00:01:41]} 60. Rb7 {[%clk 00:04:43]} {[%emt 00:00:38]} Kg8
{[%clk 00:02:20]} {[%emt 00:00:45]} 61. Ra7 {[%clk 00:04:42]} {[%emt 00:00:31]}
a2 {[%clk 00:02:40]} {[%emt 00:00:10]} 62. Kf2 {[%clk 00:04:18]} {[%emt
00:00:54]} a1=B {[%clk 00:01:08]} {[%emt 00:02:02]} 63. Rxa1 {[%clk 00:04:42]}
{[%emt 00:00:06]} Kf7 {[%clk 00:01:36]} {[%emt 00:00:02]} 64. Ke3 {[%clk
00:04:40]} {[%emt 00:00:31]} Kf6 {[%clk 00:01:46]} {[%emt 00:00:20]} 65. Rc1
{[%clk 00:04:58]} {[%emt 00:00:12]} Nd5+ {[%clk 00:01:47]} {[%emt 00:00:30]}
66. Kd4 {[%clk 00:05:16]} {[%emt 00:00:12]} Ne7 {[%clk 00:01:51]} {[%emt
00:00:25]} 67. Rc7 {[%clk 00:05:11]} {[%emt 00:00:35]} Ng6 {[%clk 00:00:37]}
{[%emt 00:01:45]} 68. Kc5 {[%clk 00:04:55]} {[%emt 00:00:45]} e5 {[%clk
00:00:40]} {[%emt 00:00:28]} 69. Rc6+ {[%clk 00:04:56]} {[%emt 00:00:29]} Kf7
{[%clk 00:01:06]} {[%emt 00:00:04]} 70. Rxg6 {[%clk 00:05:02]} {[%emt
00:00:25]} 1-0

[Event "Deutsche Ländermeisterschaft 2024"]
[Site "Tübingen GER"]
[Date "2024.10.04"]
[Round "4"]
[White "Klaska, Philipp Leon"]
[Black "Baranyai-Molnar, Adam-Kristof"]
[Result "1/2-1/2"]
[Termination "normal"]
[Board "1.3"]
[WhiteElo "2281"]
[BlackElo "2179"]
[WhiteClock "00:10:42"]
[BlackClock "00:42:01"]
[WhiteTeam "Nordrhein-Westfalen"]
[BlackTeam "Hessen"]
[PlyCount "54"]
[WhiteFideId "16238044"]
[BlackFideId "768022"]
[EventCountry "GER"]
[EventRounds "7"]
[EventType "team-swiss"]
[EventDate "2024.10.02"]

1. e4 {[%clk 01:30:50]} {[%emt 00:00:09]} c5 {[%clk 01:30:57]} {[%emt
00:00:04]} 2. Nf3 {[%clk 01:31:14]} {[%emt 00:00:07]} e6 {[%clk 01:31:23]}
{[%emt 00:00:04]} 3. g3 {[%clk 01:31:35]} {[%emt 00:00:09]} d5 {[%clk
01:31:42]} {[%emt 00:00:11]} 4. exd5 {[%emt 00:00:10]} exd5 {[%clk 01:32:08]}
{[%emt 00:00:03]} 5. d4 {[%clk 01:32:04]} {[%emt 00:00:22]} Nf6 {[%clk
01:31:59]} {[%emt 00:00:39]} 6. Bg2 {[%clk 01:32:07]} {[%emt 00:00:28]} Be7
{[%clk 01:32:09]} {[%emt 00:00:20]} 7. O-O {[%clk 01:32:07]} {[%emt 00:00:31]}
O-O {[%clk 01:32:32]} {[%emt 00:00:07]} 8. Nc3 {[%clk 01:31:36]} {[%emt
00:01:01]} Nc6 {[%clk 01:32:30]} {[%emt 00:00:32]} 9. dxc5 {[%clk 01:30:53]}
{[%emt 00:01:13]} d4 {[%clk 01:29:52]} {[%emt 00:03:07]} 10. Na4 {[%clk
01:30:15]} {[%emt 00:01:08]} Bg4 {[%clk 01:29:12]} {[%emt 00:01:10]} 11. b3
{[%clk 01:05:02]} {[%emt 00:25:43]} Qd7 {[%clk 01:28:13]} {[%emt 00:01:29]} 12.
Re1 {[%clk 01:03:20]} {[%emt 00:02:11]} Rad8 {[%clk 01:25:41]} {[%emt
00:03:00]} 13. Bb2 {[%clk 00:48:58]} {[%emt 00:14:53]} Qf5 {[%clk 01:13:49]}
{[%emt 00:12:22]} 14. Qd3 {[%clk 00:43:38]} {[%emt 00:05:49]} Rfe8 {[%clk
01:13:02]} {[%emt 00:01:19]} 15. Qxf5 {[%clk 00:36:24]} {[%emt 00:07:44]} Bxf5
{[%clk 01:13:27]} {[%emt 00:00:05]} 16. Rac1 {[%clk 00:36:18]} {[%emt
00:00:35]} Bf8 {[%clk 00:56:08]} {[%emt 00:17:49]} 17. Rxe8 {[%clk 00:25:31]}
{[%emt 00:11:18]} Nxe8 {[%clk 00:56:32]} {[%emt 00:00:06]} 18. Nh4 {[%clk
00:21:58]} {[%emt 00:04:03]} Bg4 {[%clk 00:55:40]} {[%emt 00:01:22]} 19. h3
{[%clk 00:18:41]} {[%emt 00:03:47]} Be2 {[%clk 00:53:54]} {[%emt 00:02:16]} 20.
Bxc6 {[%clk 00:15:34]} {[%emt 00:03:37]} bxc6 {[%clk 00:54:16]} {[%emt
00:00:09]} 21. Nf5 {[%clk 00:13:46]} {[%emt 00:02:19]} Bb5 {[%clk 00:54:39]}
{[%emt 00:00:06]} 22. Nxd4 {[%clk 00:13:40]} {[%emt 00:00:35]} Bxa4 {[%clk
00:55:01]} {[%emt 00:00:09]} 23. bxa4 {[%clk 00:13:51]} {[%emt 00:00:19]} Bxc5
{[%clk 00:55:18]} {[%emt 00:00:13]} 24. Nb3 {[%clk 00:13:42]} {[%emt 00:00:38]}
Bb6 {[%clk 00:52:46]} {[%emt 00:03:02]} 25. a5 {[%clk 00:12:40]} {[%emt
00:01:32]} Bc7 {[%clk 00:53:11]} {[%emt 00:00:05]} 26. Bd4 {[%clk 00:11:54]}
{[%emt 00:01:15]} a6 {[%clk 00:52:36]} {[%emt 00:01:06]} 27. Bb6 {[%clk
00:10:42]} {[%emt 00:01:41]} Rb8 {[%clk 00:42:01]} {[%emt 00:11:07]} 28. Ba7
{[%clk 00:06:49]} {[%emt 00:04:23]} Ra8 {[%clk 00:37:54]} {[%emt 01:55:57]} 29.
Re1 {[%clk 00:06:16]} Nf6 {[%clk 00:38:05]} 30. Bd4 {[%clk 00:05:56]} Nd5
{[%clk 00:37:16]} 31. c4 {[%clk 00:05:46]} Nb4 {[%clk 00:36:59]} 32. Re7 {[%clk
00:05:02]} Bd6 {[%clk 00:36:39]} 33. Rd7 {[%clk 00:04:57]} Bf8 {[%clk
00:37:03]} 34. Rb7 {[%clk 00:02:42]} Nxa2 {[%clk 00:23:41]} 35. Rb6 {[%clk
00:02:40]} Nb4 {[%clk 00:23:34]} 36. Bc5 {[%clk 00:02:41]} Nd3 {[%clk
00:23:47]} 37. Bxf8 Kxf8 {[%clk 00:24:12]} 38. Rxc6 {[%clk 00:01:24]} Ke7
{[%clk 00:24:21]} 39. Rc7+ {[%clk 00:01:09]} Kf6 {[%clk 00:22:33]} 40. Nd4
{[%clk 00:00:42]} Rd8 {[%clk 00:15:29]} 41. Rc6+ {[%clk 00:24:35]} Ke5 {[%clk
00:45:50]} 42. Nf3+ {[%clk 00:23:38]} Ke4 43. Kg2 Ne5 44. Nxe5 Kxe5 45. c5 Rd7
46. Rxa6 Rc7 47. c6 Kd5 48. Kf3 f6 {[%clk 00:45:44]} 49. Rb6 {[%clk 00:05:46]}
{[%emt 00:00:02]} g6 {[%clk 00:36:05]} 50. Kf4 {[%clk 00:04:41]} h5 {[%clk
00:31:13]} 51. h4 {[%clk 00:04:47]} Kd6 {[%clk 00:29:19]} 52. Rb1 {[%clk
00:04:11]} Ra7 {[%clk 00:29:08]} 53. Rc1 {[%clk 00:03:17]} Kc7 {[%clk
00:28:39]} 54. Rc5 {[%clk 00:03:46]} Ra8 {[%clk 00:28:42]} 55. Rb5 {[%clk
00:03:01]} Ra6 {[%clk 00:27:29]} 56. Rc5 {[%clk 00:03:16]} Ra8 {[%clk
00:27:55]} 57. f3 {[%clk 00:01:33]} Rb8 {[%clk 00:26:10]} 58. Ke4 {[%clk
00:01:17]} Rb3 {[%clk 00:25:19]} 59. a6 {[%clk 00:01:37]} Ra3 {[%clk 00:00:33]}
60. Kd5 {[%clk 00:31:13]} Rxa6 {[%clk 00:31:02]} 61. Ke6 {[%clk 00:01:25]}
{[%emt 00:00:19]} f5 {[%clk 00:10:46]} {[%emt 00:00:13]} 62. Rc3 {[%clk
00:00:35]} {[%emt 00:01:19]} f4 {[%clk 00:10:46]} {[%emt 00:00:29]} 63. gxf4
{[%clk 00:01:04]} {[%emt 00:00:01]} Ra4 {[%clk 00:10:48]} {[%emt 00:00:28]} 64.
Ke5 {[%clk 00:01:33]} Rb4 {[%clk 00:10:22]} {[%emt 00:00:57]} 65. f5 {[%clk
00:01:37]} {[%emt 00:00:27]} gxf5 {[%clk 00:09:14]} {[%emt 00:01:38]} 66. f4
{[%clk 00:02:06]} Rb1 {[%clk 00:09:21]} {[%emt 00:00:24]} 67. Rg3 {[%clk
00:01:03]} {[%emt 00:01:30]} Rh1 {[%clk 00:09:23]} {[%emt 00:00:31]} 68. Kxf5
{[%clk 00:01:20]} {[%emt 00:00:14]} Rxh4 {[%clk 00:09:36]} {[%emt 00:00:16]}
69. Kg5 {[%clk 00:01:05]} {[%emt 00:00:44]} Rh1 {[%clk 00:09:11]} {[%emt
00:00:55]} 70. Rc3 {[%clk 00:01:27]} {[%emt 00:00:08]} h4 {[%clk 00:09:16]}
{[%emt 00:00:26]} 71. Kg4 {[%clk 00:01:51]} {[%emt 00:00:06]} Rf1 {[%clk
00:05:42]} {[%emt 00:04:04]} 72. Rf3 {[%clk 00:00:55]} {[%emt 00:01:26]} Rh1
{[%clk 00:02:02]} {[%emt 00:04:10]} 73. Rh3 {[%clk 00:01:24]} {[%emt 00:00:01]}
Rf1 {[%clk 00:02:10]} {[%emt 00:00:23]} 74. Rxh4 {[%clk 00:01:23]} {[%emt
00:00:31]} Kxc6 {[%clk 00:02:20]} {[%emt 00:00:19]} 75. Rh2 {[%clk 00:01:46]}
{[%emt 00:00:06]} Rg1+ {[%clk 00:01:01]} {[%emt 00:01:49]} 76. Kh5 {[%clk
00:00:38]} {[%emt 00:01:38]} Rg8 {[%clk 00:00:41]} {[%emt 00:00:50]} 77. Rd2
{[%clk 00:00:58]} {[%emt 00:00:10]} Rf8 {[%clk 00:00:55]} {[%emt 00:00:17]} 78.
Kg4 {[%clk 00:01:09]} {[%emt 00:00:19]} Rg8+ {[%clk 00:01:20]} {[%emt
00:00:05]} 79. Kf3 {[%clk 00:01:32]} {[%emt 00:00:07]} Rf8 {[%clk 00:01:46]}
{[%emt 00:00:05]} 80. Rd1 {[%clk 00:01:42]} {[%emt 00:00:19]} Kc5 {[%clk
00:01:49]} {[%emt 00:00:27]} 81. Rd2 {[%clk 00:01:28]} {[%emt 00:00:44]} Kc6
{[%clk 00:02:14]} {[%emt 00:00:05]} 82. Rd4 {[%clk 00:01:20]} {[%emt 00:00:37]}
Kc5 {[%clk 00:02:33]} {[%emt 00:00:12]} 83. Ke3 {[%clk 00:01:03]} {[%emt
00:00:47]} Re8+ {[%clk 00:02:33]} {[%emt 00:00:31]} 84. Re4 {[%clk 00:01:06]}
{[%emt 00:00:27]} Rf8 {[%clk 00:02:55]} {[%emt 00:00:07]} 85. Re6 {[%clk
00:00:47]} {[%emt 00:00:49]} Kd5 {[%clk 00:02:47]} {[%emt 00:00:37]} 86. Rg6
{[%clk 00:01:11]} {[%emt 00:00:07]} Re8+ {[%clk 00:02:18]} {[%emt 00:00:59]}
87. Kf3 {[%clk 00:01:39]} {[%emt 00:00:01]} Re6 {[%clk 00:02:40]} {[%emt
00:00:08]} 88. Rg7 {[%clk 00:02:05]} {[%emt 00:00:04]} Re1 {[%clk 00:01:54]}
{[%emt 00:01:16]} 89. Kf2 {[%clk 00:00:55]} {[%emt 00:01:40]} Re8 {[%clk
00:01:55]} {[%emt 00:00:29]} 90. Rg6 {[%clk 00:00:57]} {[%emt 00:00:28]} Ke4
{[%clk 00:02:04]} {[%emt 00:00:23]} 1/2-1/2

[Event "Deutsche Ländermeisterschaft 2024"]
[Site "Tübingen GER"]
[Date "2024.10.04"]
[Round "4"]
[White "Mester, Philipp"]
[Black "Möller, Maurin"]
[Result "1-0"]
[Termination "normal"]
[Board "1.4"]
[WhiteElo "1996"]
[BlackElo "2138"]
[WhiteClock "00:37:46"]
[BlackClock "00:16:51"]
[WhiteTeam "Hessen"]
[BlackTeam "Nordrhein-Westfalen"]
[PlyCount "41"]
[WhiteFideId "34624902"]
[BlackFideId "16265696"]
[EventCountry "GER"]
[EventRounds "7"]
[EventType "team-swiss"]
[EventDate "2024.10.02"]

1. d4 {[%clk 01:30:58]} {[%emt 00:00:01]} Nf6 {[%clk 01:30:45]} {[%emt
00:00:15]} 2. c4 {[%clk 01:31:22]} {[%emt 00:00:06]} g6 {[%clk 01:31:01]}
{[%emt 00:00:13]} 3. f3 {[%clk 01:31:48]} {[%emt 00:00:05]} d5 {[%clk
01:31:19]} {[%emt 00:00:11]} 4. cxd5 {[%clk 01:32:13]} {[%emt 00:00:06]} Nxd5
{[%clk 01:31:43]} {[%emt 00:00:06]} 5. e4 {[%clk 01:32:35]} {[%emt 00:00:07]}
Nb6 {[%clk 01:32:05]} {[%emt 00:00:08]} 6. Nc3 {[%clk 01:32:57]} {[%emt
00:00:09]} Bg7 {[%clk 01:32:25]} {[%emt 00:00:10]} 7. Be3 {[%clk 01:33:19]}
{[%emt 00:00:08]} O-O {[%clk 01:32:49]} {[%emt 00:00:07]} 8. Qd2 {[%clk
01:33:34]} {[%emt 00:00:15]} e5 {[%clk 01:32:57]} {[%emt 00:00:22]} 9. d5
{[%clk 01:33:50]} {[%emt 00:00:14]} c6 {[%clk 01:33:10]} {[%emt 00:00:17]} 10.
h4 {[%clk 01:33:41]} {[%emt 00:00:39]} cxd5 {[%clk 01:33:33]} {[%emt 00:00:09]}
11. exd5 {[%clk 01:34:02]} {[%emt 00:00:09]} N8d7 {[%clk 01:33:52]} {[%emt
00:00:10]} 12. h5 {[%clk 01:33:16]} {[%emt 00:01:16]} Nf6 {[%clk 01:34:17]}
{[%emt 00:00:06]} 13. hxg6 {[%clk 01:32:58]} {[%emt 00:00:48]} fxg6 {[%clk
01:34:39]} {[%emt 00:00:07]} 14. O-O-O {[%clk 01:33:14]} {[%emt 00:00:14]} Bd7
{[%clk 01:34:48]} {[%emt 00:00:21]} 15. Kb1 {[%clk 01:32:31]} {[%emt 00:01:12]}
Rc8 {[%clk 01:35:14]} {[%emt 00:00:05]} 16. Nh3 {[%clk 01:27:03]} {[%emt
00:05:59]} e4 {[%clk 00:57:36]} {[%emt 00:38:08]} 17. Ng5 {[%clk 01:17:23]}
{[%emt 00:10:10]} Rxc3 {[%clk 00:29:34]} {[%emt 00:28:32]} 18. bxc3 {[%clk
01:09:58]} {[%emt 00:07:54]} Nfxd5 {[%clk 00:29:15]} {[%emt 00:00:49]} 19. Bc4
{[%clk 01:08:27]} {[%emt 00:02:01]} Bc6 {[%clk 00:21:47]} {[%emt 00:07:58]} 20.
Bb3 {[%clk 01:04:27]} {[%emt 00:04:30]} exf3 {[%clk 00:16:51]} {[%emt
00:05:26]} 21. Ka1 {[%clk 00:37:46]} {[%emt 00:27:11]} Rf5 {[%clk 00:07:43]}
{[%emt 00:09:38]} 22. Ne6 {[%clk 00:31:38]} {[%emt 00:07:21]} Qe7 {[%clk
00:05:33]} {[%emt 00:01:56]} 23. Nxg7 {[%clk 00:31:22]} {[%emt 00:00:47]} Kxg7
{[%clk 00:05:32]} {[%emt 00:00:31]} 24. Bd4+ {[%clk 00:30:53]} {[%emt
00:00:59]} Kg8 {[%clk 00:05:22]} {[%emt 00:00:39]} 25. g4 {[%clk 00:26:06]}
{[%emt 00:05:18]} Rg5 {[%clk 00:04:23]} {[%emt 00:01:28]} 26. c4 {[%clk
00:20:12]} {[%emt 00:06:24]} Nc7 {[%clk 00:04:14]} {[%emt 00:00:39]} 27. c5+
{[%clk 00:20:07]} {[%emt 00:00:35]} Nbd5 {[%clk 00:04:35]} {[%emt 00:00:08]}
28. Rhe1 {[%clk 00:14:40]} {[%emt 00:05:58]} Qd8 {[%clk 00:04:46]} {[%emt
00:00:18]} 29. Qf4 {[%clk 00:14:16]} {[%emt 00:00:54]} f2 {[%clk 00:01:49]}
{[%emt 00:03:28]} 30. Re5 {[%clk 00:13:32]} {[%emt 00:01:14]} Rxe5 {[%clk
00:01:44]} {[%emt 00:00:35]} 31. Qxe5 {[%clk 00:11:55]} {[%emt 00:02:06]} Qf8
{[%clk 00:02:08]} {[%emt 00:00:05]} 32. Rf1 {[%clk 00:11:55]} {[%emt 00:00:30]}
Qh6 {[%clk 00:01:56]} {[%emt 00:00:42]} 33. g5 {[%clk 00:11:14]} {[%emt
00:01:11]} 1-0

[Event "Deutsche Ländermeisterschaft 2024"]
[Site "Tübingen GER"]
[Date "2024.10.04"]
[Round "4"]
[White "Sereda, Yaroslava"]
[Black "Buchholz, Maja Patricia"]
[Result "1-0"]
[Termination "normal"]
[Board "1.5"]
[WhiteElo "1960"]
[BlackElo "1968"]
[WhiteClock "00:21:00"]
[BlackClock "00:30:22"]
[WhiteTeam "Nordrhein-Westfalen"]
[BlackTeam "Hessen"]
[PlyCount "46"]
[WhiteFideId "14178940"]
[BlackFideId "16200500"]
[EventCountry "GER"]
[EventRounds "7"]
[EventType "team-swiss"]
[EventDate "2024.10.02"]

1. e4 {[%clk 01:30:58]} {[%emt 00:00:01]} e6 {[%clk 01:30:52]} {[%emt
00:00:09]} 2. d4 {[%clk 01:31:23]} {[%emt 00:00:05]} d5 {[%clk 01:31:17]}
{[%emt 00:00:04]} 3. Nc3 {[%clk 01:31:47]} {[%emt 00:00:07]} Nf6 {[%clk
01:31:41]} {[%emt 00:00:06]} 4. e5 {[%clk 01:32:12]} {[%emt 00:00:06]} Nfd7
{[%clk 01:32:06]} {[%emt 00:00:04]} 5. f4 {[%clk 01:32:28]} {[%emt 00:00:16]}
c5 {[%clk 01:32:22]} {[%emt 00:00:13]} 6. Nf3 {[%clk 01:32:41]} {[%emt
00:00:17]} Nc6 {[%clk 01:32:40]} {[%emt 00:00:13]} 7. Be3 {[%clk 01:32:57]}
{[%emt 00:00:15]} Be7 {[%clk 01:32:58]} {[%emt 00:00:13]} 8. Qd2 {[%clk
01:31:12]} {[%emt 00:02:22]} O-O {[%clk 01:33:07]} {[%emt 00:00:21]} 9. dxc5
{[%clk 01:29:30]} {[%emt 00:02:16]} Qa5 {[%clk 01:33:06]} {[%emt 00:00:31]} 10.
a3 {[%clk 01:28:36]} {[%emt 00:01:26]} a6 {[%clk 01:32:08]} {[%emt 00:01:30]}
11. Be2 {[%clk 01:26:49]} {[%emt 00:02:19]} Nxc5 {[%clk 01:30:52]} {[%emt
00:01:47]} 12. O-O {[%clk 01:26:16]} {[%emt 00:01:03]} Qc7 {[%clk 01:30:17]}
{[%emt 00:01:04]} 13. Qe1 {[%clk 01:25:14]} {[%emt 00:01:32]} b5 {[%clk
01:27:40]} {[%emt 00:03:08]} 14. b4 {[%clk 01:24:49]} {[%emt 00:00:55]} Nd7
{[%clk 01:19:32]} {[%emt 00:08:37]} 15. Bd3 {[%clk 01:23:05]} {[%emt 00:02:15]}
Bb7 {[%clk 01:08:21]} {[%emt 00:11:42]} 16. Ne2 {[%clk 01:12:08]} {[%emt
00:11:27]} Nb6 {[%clk 00:59:34]} {[%emt 00:09:16]} 17. Qg3 {[%clk 01:00:24]}
{[%emt 00:12:13]} Nc4 {[%clk 00:57:46]} {[%emt 00:02:19]} 18. Qh3 {[%clk
00:44:33]} {[%emt 00:16:21]} h6 {[%clk 00:51:02]} {[%emt 00:07:14]} 19. Bf2
{[%clk 00:39:29]} {[%emt 00:05:34]} Nb2 {[%clk 00:46:18]} {[%emt 00:05:13]} 20.
Ned4 {[%clk 00:38:33]} {[%emt 00:01:27]} Nxd3 {[%clk 00:40:03]} {[%emt
00:06:45]} 21. cxd3 {[%clk 00:38:44]} {[%emt 00:00:19]} Nxd4 {[%clk 00:37:37]}
{[%emt 00:02:56]} 22. Nxd4 {[%clk 00:36:11]} {[%emt 00:03:03]} Rfe8 {[%clk
00:34:05]} {[%emt 00:04:03]} 23. f5 {[%clk 00:21:00]} {[%emt 00:15:41]} exf5
{[%clk 00:30:22]} {[%emt 00:04:12]} 24. Nxf5 {[%clk 00:13:11]} {[%emt
00:08:18]} Bc8 {[%clk 00:23:53]} {[%emt 00:06:59]} 25. Bd4 {[%clk 00:10:59]}
{[%emt 00:02:43]} Be6 {[%clk 00:17:10]} {[%emt 00:07:13]} 26. Qg3 {[%clk
00:08:44]} {[%emt 00:02:45]} Bxf5 {[%clk 00:15:54]} {[%emt 00:01:46]} 27. Rxf5
{[%clk 00:09:13]} Bf8 {[%clk 00:14:01]} {[%emt 00:02:23]} 28. e6 {[%clk
00:07:52]} {[%emt 00:01:51]} Qxg3 {[%clk 00:13:52]} {[%emt 00:00:38]} 29. exf7+
{[%clk 00:08:09]} {[%emt 00:00:14]} Kh7 {[%clk 00:13:48]} {[%emt 00:00:34]} 30.
fxe8=Q {[%clk 00:07:49]} {[%emt 00:00:48]} Qxd3 {[%clk 00:13:20]} {[%emt
00:00:59]} 31. Qe5 {[%clk 00:05:59]} {[%emt 00:02:20]} Re8 {[%clk 00:12:39]}
{[%emt 00:01:11]} 32. Qxd5 {[%clk 00:05:29]} {[%emt 00:01:01]} Re4 {[%clk
00:10:55]} {[%emt 00:02:14]} 33. Rxf8 {[%clk 00:04:50]} {[%emt 00:01:09]} Rxd4
{[%clk 00:11:06]} {[%emt 00:00:19]} 34. Qf5+ {[%clk 00:04:57]} {[%emt
00:00:23]} 1-0